00570nam a22001697a 450000500170000002000260001703500130004303700170005608200110007310000180008424501540010226000390025627000410029530000210033650000200035770000230037720170705114400.0 a9788121905657c425.00 aB-668082 adplbTechniz a342.54 aAgarwal, R.C. aConstitutional development and national movement of India :cby R.C. Agarwal [and] Mahesh Bhatnagar bfreedom movement, Act and Indian constituion /  aNew DelhibS. Chand c2016 (repr.) a7361, Ram Nagar, bNew Delhie110055 a763p.c25cm(pbk) aIncludes index  aBhatnagar, Mahesh